<?xml version="1.0" encoding="UTF-8"?>
<record
    xmlns:xsi="http://www.w3.org/2001/XMLSchema-instance"
    xsi:schemaLocation="http://www.loc.gov/MARC21/slim http://www.loc.gov/standards/marcxml/schema/MARC21slim.xsd"
    xmlns="http://www.loc.gov/MARC21/slim">

  <leader>00803nam a22002177a 4500</leader>
  <controlfield tag="003">BDDh-ASL</controlfield>
  <controlfield tag="005">20231015031012.0</controlfield>
  <controlfield tag="008">220914s1938    ii ||||| |||| 00| 0 urd d</controlfield>
  <datafield tag="040" ind1=" " ind2=" ">
    <subfield code="a">BDDh-ASL</subfield>
    <subfield code="c">BDDh-ASL</subfield>
  </datafield>
  <datafield tag="041" ind1=" " ind2=" ">
    <subfield code="a">urd</subfield>
  </datafield>
  <datafield tag="082" ind1=" " ind2=" ">
    <subfield code="a">370</subfield>
    <subfield code="b">WAR</subfield>
  </datafield>
  <datafield tag="245" ind1="0" ind2="0">
    <subfield code="a">Wardha Ki Talimi Scheme Aur Musalman : / &#x648;&#x627;&#x631;&#x62F;&#x6BE;&#x627; &#x6A9;&#x6CC; &#x62A;&#x639;&#x644;&#x64A;&#x645;&#x6CC; &#x627;&#x633;&#x6A9;&#x64A;&#x645; &#x627;&#x648;&#x631; &#x645;&#x633;&#x644;&#x645;&#x627;&#x646; </subfield>
  </datafield>
  <datafield tag="246" ind1=" " ind2=" ">
    <subfield code="a">Swaraji Islam : / &#x633;&#x648;&#x631;&#x627;&#x62C;&#x6CC; &#x627;&#x633;&#x644;&#x627;&#x645; </subfield>
  </datafield>
  <datafield tag="246" ind1=" " ind2=" ">
    <subfield code="a">Muslim League Ka Buniyadi Matalibe : / &#x645;&#x633;&#x644;&#x645; &#x644;&#x64A;&#x6AF; &#x6A9;&#x627; &#x628;&#x646;&#x64A;&#x627;&#x62F;&#x6CC; &#x645;&#x637;&#x627;&#x644;&#x628;&#x6C1; </subfield>
  </datafield>
  <datafield tag="246" ind1=" " ind2=" ">
    <subfield code="a">Zaban ka Masala : / &#x632;&#x628;&#x627;&#x646; &#x6A9;&#x627; &#x645;&#x633;&#x626;&#x644;&#x6C1; </subfield>
  </datafield>
  <datafield tag="246" ind1=" " ind2=" ">
    <subfield code="a">Nationalism Aur Islam : / &#x646;&#x64A;&#x634;&#x646;&#x644;&#x632;&#x645; &#x627;&#x648;&#x631; &#x627;&#x633;&#x644;&#x627;&#x645; </subfield>
  </datafield>
  <datafield tag="260" ind1=" " ind2=" ">
    <subfield code="a">Delhi : </subfield>
    <subfield code="b">Daira Tulu-e Islam , </subfield>
    <subfield code="c">1938. </subfield>
  </datafield>
  <datafield tag="300" ind1=" " ind2=" ">
    <subfield code="a">44 p. :</subfield>
    <subfield code="c">23 cm. </subfield>
  </datafield>
  <datafield tag="650" ind1=" " ind2="0">
    <subfield code="9">1210</subfield>
    <subfield code="a">Education</subfield>
  </datafield>
  <datafield tag="942" ind1=" " ind2=" ">
    <subfield code="2">ddc</subfield>
    <subfield code="c">BK</subfield>
  </datafield>
  <datafield tag="952" ind1=" " ind2=" ">
    <subfield code="0">0</subfield>
    <subfield code="1">0</subfield>
    <subfield code="2">ddc</subfield>
    <subfield code="4">0</subfield>
    <subfield code="7">1</subfield>
    <subfield code="8">NFIC</subfield>
    <subfield code="a">ASL</subfield>
    <subfield code="b">ASL</subfield>
    <subfield code="c">GEN</subfield>
    <subfield code="d">2022-09-14</subfield>
    <subfield code="e">ASB Collections</subfield>
    <subfield code="h">U-0825-A-D</subfield>
    <subfield code="l">0</subfield>
    <subfield code="o">370 WAR</subfield>
    <subfield code="p">117351</subfield>
    <subfield code="r">2022-09-14 00:00:00</subfield>
    <subfield code="t">C-1</subfield>
    <subfield code="w">2022-09-14</subfield>
    <subfield code="y">BK</subfield>
    <subfield code="z">Y-1938</subfield>
  </datafield>
  <datafield tag="999" ind1=" " ind2=" ">
    <subfield code="c">29166</subfield>
    <subfield code="d">29166</subfield>
  </datafield>
</record>
